000 01633cas a2200433 a 4500
005 20260322212043.0
008 data
010 _a 00207271
_z 00106739
_z 99223186
_z 00106739
012 _a-3-7-0103281164-p----- y
020 _a0764541269
020 _a9780764541261
022 0 _a1533-8045
_y1055-5390
037 _bIDG Books Worlwide, 919 E. Hillsdale Blvd., Foster City, CA 94404
_c({dollar}24.95 Can.)
_c({dollar}24.95 Can.)
040 _aOClCo
_cOClCo
_dDLC
_dIGleD
_dDLC
_dNSDP
_dDLC
042 _ansdp
_ansdp
043 _ae-uk-st
050 0 0 _aDA870
_b.F75
082 0 0 _a914.1104/859/05
_220
092 _a914.11 F932 2004
210 0 _aFrommer's Scotl.
222 0 _aFrommer's Scotland
245 1 0 _aFrommer's Scotland.
246 3 0 _aScotland
250 _a8th edition
260 _aNew York :
_bMacmillan Travel,
_cc2004.
300 _a464 p.
_bmaps (some col.) ;
_c22 cm.
310 _aBiennial
500 _aVols. for 2000- have title: Frommer's ... Scotland.
500 _a"A Frommer book."
500 _aVols. for 2000- include [8] p. of plates, before t.p., with title: Frommer's postcards from Scotland.
500 _aVols. for 2000- published: Indianapolis, IN : IDG Books Worldwide, Inc.,
500 _a"with the Hebrides & Shetland Islands"--cover
504 _aIncludes index.
515 _aVols. for 2000- carry both numeric and chronological designation.
651 0 _aScotland
_vGuidebooks.
740 0 2 _aFrommer's postcards from Scotland.
780 0 0 _tFrommer's comprehensive travel guide. Scotland
_x1055-5390
_w(OCoLC)23201162
_w(OCoLC)23201162
001 data
999 _c1007
_d1007